[Event "Cartagena Bolivar"]
[Site "Cartagena"]
[Date "2014.03.10"]
[Round "6"]
[White "Lora, Joel Fernando"]
[Black "Villamil, Nahum Jose"]
[Result "1-0"]
[WhiteElo "2110"]
[BlackElo "1850"]
[PlyCount "52"]
[EventDate "2014.03.03"]
[EventType "tourn"]
[EventRounds "9"]
[EventCountry "COL"]
[SourceTitle "CBM 159 Extra"]
[Source "ChessBase"]
[SourceDate "2014.04.24"]
[SourceVersion "1"]
[SourceVersionDate "2014.04.24"]
[SourceQuality "1"]

1. d4 d6 2. e4 g6 3. Be3 Bg7 4. Qd2 c5 5. c3 Nf6 6. f3 Qc7 7. Na3 a6 8. Bd3 h5 9. Ne2 Nbd7 10. 0-0 b6 11. Rae1 Bb7 12. Bg5 Nh7 13. Bh6 Bxh6 14. Qxh6 0-0-0 15. Qe3 g5 16. b4 Rhg8 17. bxc5 dxc5 18. e5 Ndf8 19. Ng3 g4 20. f4 h4 21. Nf5 Ng6 22. Nh6 h3 23. g3 Nxe5 24. dxc5 Rxd3 25. cxb6 Qc6 26. Qc1 Rd2 1-0

[Event "Cartagena Fonducar Juniors Cup 5th"]
[Site "Cartagena"]
[Date "2013.08.17"]
[Round "4.7"]
[White "De la Victoria, Daniel"]
[Black "Villamil, Nahum Jose"]
[Result "0-1"]
[WhiteElo "1522"]
[BlackElo "1850"]
[PlyCount "54"]
[EventDate "2013.08.16"]
[EventType "swiss"]
[EventRounds "7"]
[EventCountry "COL"]
[SourceTitle "EXT 2024"]
[Source "ChessBase"]
[SourceDate "2023.10.10"]
[SourceVersion "1"]
[SourceVersionDate "2023.10.10"]
[SourceQuality "1"]

1. e4 c5 2. Nf3 d6 3. h3 Nf6 4. Nc3 g6 5. d4 cxd4 6. Nxd4 Bg7 7. Be3 a6 8. Qd2 h5 9. Bc4 b5 10. Bb3 Bb7 11. Nf3 Nxe4 12. Nxe4 Bxe4 13. Bd4 e5 14. Qe3 Bb7 15. 0-0 0-0 16. Bc3 Nc6 17. a3 Qc7 18. Rad1 a5 19. Rd3 b4 20. Bd2 Ba6 21. c4 bxc3 22. Bxc3 Rae8 23. Rdd1 Bxf1 24. Kxf1 Ne7 25. Ke2 Nf5 26. Qe4 Nd4+ 27. Kf1 Nxb3 0-1

[Event "Cartagena zt U16 Abs Zona Norte"]
[Site "Cartagena"]
[Date "2013.04.20"]
[Round "4.1"]
[White "Villamil, Nahum Jose"]
[Black "Pabon Sarmiento, David A"]
[Result "1-0"]
[WhiteElo "1846"]
[BlackElo "1896"]
[PlyCount "57"]
[EventDate "2013.04.19"]
[EventType "swiss"]
[EventRounds "6"]
[EventCountry "COL"]
[SourceTitle "EXT 2024"]
[Source "ChessBase"]
[SourceDate "2023.10.10"]
[SourceVersion "1"]
[SourceVersionDate "2023.10.10"]
[SourceQuality "1"]

1. e4 c5 2. Nf3 d6 3. d4 cxd4 4. Nxd4 Nf6 5. f3 a6 6. c4 e5 7. Nc2 Be6 8. Nc3 Be7 9. Be2 Nbd7 10. 0-0 Rc8 11. Ne3 Nb6 12. b3 0-0 13. Kh1 Nbd7 14. Qd2 Nc5 15. Rd1 Nh5 16. Ned5 Bh4 17. Bf1 h6 18. g3 Bg5 19. f4 Bxd5 20. Nxd5 exf4 21. gxf4 Bf6 22. Nxf6+ Qxf6 23. Qd4 Nxe4 24. Qxe4 Qxa1 25. Bd3 Nf6 26. Qg2 Ne8 27. Rg1 Qc3 28. Bf5 Rc7 29. Bb2 1-0

[Event "Medellin Cuartas Memorial"]
[Site "Medellin"]
[Date "2011.08.05"]
[Round "3"]
[White "Villamil, Nahum Jose"]
[Black "Blandon, Luis Guillermo"]
[Result "0-1"]
[WhiteElo "1839"]
[BlackElo "1974"]
[PlyCount "32"]
[EventDate "2011.08.03"]
[EventType "swiss"]
[EventRounds "8"]
[EventCountry "COL"]
[SourceTitle "CBM 144 Extra"]
[Source "ChessBase"]
[SourceDate "2011.10.28"]
[SourceVersion "1"]
[SourceVersionDate "2011.10.28"]
[SourceQuality "1"]

1. e4 c5 2. Nf3 d6 3. d4 cxd4 4. Nxd4 Nf6 5. Nc3 g6 6. Be3 Bg7 7. f3 0-0 8. Qd2 Nc6 9. Bc4 Nd7 10. 0-0 Nb6 11. Bb3 Ne5 12. Qe2 Bd7 13. Kh1 Rc8 14. Rad1 a6 15. h3 Nec4 16. Bc1 e5 0-1

[Event "Medellin Cuartas Memorial"]
[Site "Medellin"]
[Date "2011.08.03"]
[Round "1"]
[White "Villamil, Nahum Jose"]
[Black "Zapata Cuartas, Juan Carlos"]
[Result "1/2-1/2"]
[WhiteElo "1839"]
[BlackElo "2130"]
[PlyCount "124"]
[EventDate "2011.08.03"]
[EventType "swiss"]
[EventRounds "8"]
[EventCountry "COL"]
[SourceTitle "CBM 144 Extra"]
[Source "ChessBase"]
[SourceDate "2011.10.28"]
[SourceVersion "1"]
[SourceVersionDate "2011.10.28"]
[SourceQuality "1"]

1. e4 c5 2. Nf3 d6 3. d4 cxd4 4. Nxd4 Nf6 5. Nc3 a6 6. h3 b5 7. g4 e5 8. Nde2 Bb7 9. Bg2 Nbd7 10. Be3 Nb6 11. b3 b4 12. Nd5 Nbxd5 13. exd5 Qa5 14. 0-0 Bxd5 15. Bb6 Qxb6 16. Bxd5 Nxd5 17. Qxd5 Rc8 18. Ng3 Be7 19. Rad1 Rxc2 20. Nf5 g6 21. Qa8+ Qd8 22. Nxd6+ Bxd6 23. Qxd8+ Kxd8 24. Rxd6+ Ke7 25. Rxa6 Rd8 26. Re1 f6 27. g5 fxg5 28. Rxe5+ Kf7 29. Rb5 Rd1+ 30. Kg2 Rdd2 31. Rb7+ Ke8 32. Ra8+ Rd8 33. Rxd8+ Kxd8 34. Rxh7 Rxa2 35. Rb7 Rb2 36. Rxb4 Ke7 37. Rb6 Kf7 38. Kg3 Rb1 39. b4 Rg1+ 40. Kf3 Rh1 41. Kg2 Rb1 42. b5 Rb3 43. f3 Rb2+ 44. Kg3 Kg7 45. Rb8 Kh7 46. b6 Kg7 47. b7 Rb4 48. Kf2 Rb3 49. Ke2 Kh7 50. Kd2 Kg7 51. Kc2 Rb4 52. Kc3 Rb5 53. Kc4 Rb6 54. Kd5 Rb1 55. Ke5 Rb4 56. Kd6 Rb3 57. Re8 Rd3+ 58. Kc7 Rc3+ 59. Kb8 Rxf3 60. Re6 Rxh3 61. Kc7 Rc3+ 62. Rc6 Rb3 1/2-1/2

[Event "Pan American-ch U14"]
[Site "Cali"]
[Date "2011.07.??"]
[Round "9"]
[White "Gomez Vazquez, Carlos"]
[Black "Villamil, Nahum Jose"]
[Result "1/2-1/2"]
[WhiteElo "2205"]
[BlackElo "1814"]
[PlyCount "59"]
[EventDate "2011.07.03"]
[EventType "swiss"]
[EventRounds "9"]
[EventCountry "COL"]
[SourceTitle "EXT 2024"]
[Source "ChessBase"]
[SourceDate "2023.10.10"]
[SourceVersion "1"]
[SourceVersionDate "2023.10.10"]
[SourceQuality "1"]

1. Nf3 Nf6 2. g3 g6 3. Bg2 Bg7 4. c4 0-0 5. Nc3 d5 6. d4 c5 7. 0-0 cxd4 8. Nxd4 e5 9. Nc2 d4 10. Nd5 Nbd7 11. e3 Nxd5 12. cxd5 Nb6 13. exd4 exd4 14. Nxd4 Nxd5 15. Re1 Nb6 16. Nb5 Qxd1 17. Rxd1 Bg4 18. Re1 Rfe8 19. Be3 Rad8 20. Bxb6 axb6 21. h3 Bd7 22. Nd6 Rxe1+ 23. Rxe1 Bc6 24. Nxb7 Bxb7 25. Bxb7 Bxb2 26. Re2 Bd4 27. Ba6 Bc5 28. Bc4 Kg7 29. Kg2 h5 30. h4 1/2-1/2

[Event "COL-ch sf"]
[Site "Santa Rosa"]
[Date "2011.06.22"]
[Round "2"]
[White "Villamil, Nahum Jose"]
[Black "Beltran, Carlos Armando"]
[Result "0-1"]
[WhiteElo "1839"]
[BlackElo "2225"]
[PlyCount "64"]
[EventDate "2011.06.22"]
[EventType "swiss"]
[EventRounds "11"]
[EventCountry "COL"]
[SourceTitle "CBM 143 Extra"]
[Source "ChessBase"]
[SourceDate "2011.08.29"]
[SourceVersion "1"]
[SourceVersionDate "2011.08.29"]
[SourceQuality "1"]

1. e4 c5 2. Nf3 g6 3. d4 cxd4 4. Nxd4 Nc6 5. Nc3 Bg7 6. Be3 Nf6 7. Bc4 0-0 8. Bb3 a5 9. f3 d5 10. exd5 Nb4 11. 0-0 Nfxd5 12. Nxd5 Nxd5 13. Bxd5 Qxd5 14. c3 a4 15. Qe2 Qh5 16. Rfe1 a3 17. b3 e5 18. Nb5 Bd7 19. Rad1 Bc6 20. Bc5 Rfc8 21. Nd6 Bxf3 22. Qc4 Rxc5 23. Qxc5 Bxd1 24. Qd5 Bc2 25. Nxf7 h6 26. Nd8+ Kh7 27. Ne6 e4 28. Qxb7 Rg8 29. Rf1 Qe5 30. Qd7 e3 31. Qe7 e2 32. Re1 Bf5 0-1

[Event "Armenia Nacional Escolar U17"]
[Site "Armenia"]
[Date "2011.03.12"]
[Round "7.1"]
[White "Villamil, Nahum Jose"]
[Black "Corredor Rengifo, Luis Fernando"]
[Result "0-1"]
[WhiteElo "1848"]
[BlackElo "1908"]
[PlyCount "86"]
[EventDate "2011.03.09"]
[EventType "swiss"]
[EventRounds "7"]
[EventCountry "COL"]
[SourceTitle "EXT 2024"]
[Source "ChessBase"]
[SourceDate "2023.10.10"]
[SourceVersion "1"]
[SourceVersionDate "2023.10.10"]
[SourceQuality "1"]

1. e4 c5 2. Nf3 d6 3. d4 cxd4 4. Nxd4 Nf6 5. Nc3 a6 6. f4 e6 7. Bd3 Be7 8. 0-0 Qc7 9. Kh1 Bd7 10. Be3 Nc6 11. Nf3 b5 12. a3 0-0 13. Qe1 b4 14. axb4 Nxb4 15. Qe2 Rfb8 16. Ng5 h6 17. Nh3 Qb7 18. Bc1 d5 19. e5 Ne8 20. f5 Nxd3 21. Qxd3 exf5 22. Nxd5 Bf8 23. Nhf4 Bc6 24. c4 Nc7 25. Qxf5 Nxd5 26. cxd5 Bxd5 27. Nxd5 Qxd5 28. Ra4 Re8 29. Bxh6 Rxe5 30. Qg4 Rae8 31. Rxa6 Rh5 32. Qg3 Qb5 33. Qf3 Qxa6 34. Qxf7+ Kh7 35. Bxg7 Qg6 36. Qxg6+ Kxg6 37. Bxf8 Rf5 38. Rb1 Rexf8 39. Kg1 Rb8 40. g3 Rfb5 41. Kg2 Rxb2+ 42. Rxb2 Rxb2+ 43. Kh3 Kg5 0-1